000 00679nam a2200193 a 4500
001 BRCA_280
005 20190320202938.0
008 300508s1992----mx-a---###---#000-0#spa-#
050 4 _aE141
_b.M66 1992
100 1 _aMomprade, Electra L.
_9939
245 1 0 _aHabitantes de América
_cElectra L. Momprade y Tonatiúh Gutiérrez.
260 _aMéxico
_bArrendadora Internacional
_c1992
300 _a199 p.
_bil. (algunas a color)
_c32 cm.
650 1 4 _aPoblación
_xEn el arte
_zAmérica
_9940
650 1 4 _aIndígenas
_xGrabado
_ySiglo XVI
_zAmérica
_9941
650 1 4 _aPoblación
_xLitografía
_ySiglos XVIII y XIX
_zMéxico
_9942
700 1 _aGutiérrez, Tonatiúh
_9943
942 _2lcc
_cB
999 _c225
_d225